Normal view MARC view

Entry Personal Name

Number of records used in: 6

001 - CONTROL NUMBER

  • control field: 9424

003 - CONTROL NUMBER IDENTIFIER

  • control field: OSt

005 - DATE AND TIME OF LATEST TRANSACTION

  • control field: 20220918110748.0

008 - FIXED-LENGTH DATA ELEMENTS

  • fixed length control field: 220918|| aca||aabn | a|a d

040 ## - CATALOGING SOURCE

  • Original cataloging agency: OSt
  • Transcribing agency: OSt

100 ## - HEADING--PERSONAL NAME

  • Personal name: द्विजेंद्र नाथ

670 ## - SOURCE DATA FOUND

  • Source citation: Work cat.: (OSt)114554: तिवारी, भोला नाथ 9193, अंग्रेजी हिन्दी मुहावरा लोकोक्ति कोश, 1998
Copyright @ Delhi University Library System